<?xml version="1.0" encoding="UTF-8"?>
<collection xmlns="http://www.loc.gov/MARC21/slim">
 <record>
  <leader>05893nas a22006371  4500</leader>
  <controlfield tag="001">1/50364</controlfield>
  <controlfield tag="008">031024c19849999caubr1p           a0eng d</controlfield>
  <datafield tag="022" ind1=" " ind2=" ">
   <subfield code="a">0740-7459</subfield>
  </datafield>
  <datafield tag="035" ind1=" " ind2=" ">
   <subfield code="l">24410</subfield>
  </datafield>
  <datafield tag="040" ind1=" " ind2=" ">
   <subfield code="a">DLC</subfield>
   <subfield code="b">GR-PeUP</subfield>
  </datafield>
  <datafield tag="090" ind1=" " ind2=" ">
   <subfield code="a">Αλφαβητική σειρά</subfield>
  </datafield>
  <datafield tag="245" ind1="0" ind2="0">
   <subfield code="a">IEEE software</subfield>
  </datafield>
  <datafield tag="260" ind1=" " ind2=" ">
   <subfield code="a">Los Alamitos, CA :</subfield>
   <subfield code="b">IEEE Computer Society,</subfield>
   <subfield code="c">1984-</subfield>
  </datafield>
  <datafield tag="300" ind1=" " ind2=" ">
   <subfield code="a">v. :</subfield>
   <subfield code="b">ill. ;</subfield>
   <subfield code="c">28 cm.</subfield>
  </datafield>
  <datafield tag="310" ind1=" " ind2=" ">
   <subfield code="a">Bimonthly</subfield>
  </datafield>
  <datafield tag="362" ind1="0" ind2=" ">
   <subfield code="a">Vol.20, no.1(Jan./Feb. 2003)-</subfield>
  </datafield>
  <datafield tag="546" ind1=" " ind2=" ">
   <subfield code="a">English</subfield>
  </datafield>
  <datafield tag="535" ind1="0" ind2=" ">
   <subfield code="a">Κλειστό Βιβλιοστάσιο.</subfield>
  </datafield>
  <datafield tag="650" ind1=" " ind2="4">
   <subfield code="a">Computer software</subfield>
   <subfield code="v">Periodicals.</subfield>
  </datafield>
  <datafield tag="650" ind1=" " ind2="4">
   <subfield code="a">Computer programs</subfield>
   <subfield code="v">Periodicals.</subfield>
  </datafield>
  <datafield tag="650" ind1=" " ind2="4">
   <subfield code="a">Computer programming</subfield>
   <subfield code="v">Periodicals.</subfield>
  </datafield>
  <datafield tag="852" ind1=" " ind2=" ">
   <subfield code="a">INST</subfield>
   <subfield code="b">UNIPILB</subfield>
   <subfield code="c">SERIALS</subfield>
   <subfield code="e">20041118</subfield>
   <subfield code="h">Αλφαβητική σειρά</subfield>
   <subfield code="p">37662</subfield>
   <subfield code="q">37662</subfield>
   <subfield code="t">NOLOAN</subfield>
   <subfield code="v">vol.20;no.1:(Μήνες)Jan./Feb.;(Έτος)2003</subfield>
   <subfield code="y">23</subfield>
  </datafield>
  <datafield tag="852" ind1=" " ind2=" ">
   <subfield code="a">INST</subfield>
   <subfield code="b">UNIPILB</subfield>
   <subfield code="c">SERIALS</subfield>
   <subfield code="e">20041118</subfield>
   <subfield code="h">Αλφαβητική σειρά</subfield>
   <subfield code="p">37663</subfield>
   <subfield code="q">37663</subfield>
   <subfield code="t">NOLOAN</subfield>
   <subfield code="v">vol.20;no.2:(Μήνες)Mar.-Apr.;(Έτος)2003</subfield>
   <subfield code="y">23</subfield>
  </datafield>
  <datafield tag="852" ind1=" " ind2=" ">
   <subfield code="a">INST</subfield>
   <subfield code="b">UNIPILB</subfield>
   <subfield code="c">SERIALS</subfield>
   <subfield code="e">20041118</subfield>
   <subfield code="h">Αλφαβητική σειρά</subfield>
   <subfield code="p">37664</subfield>
   <subfield code="q">37664</subfield>
   <subfield code="t">NOLOAN</subfield>
   <subfield code="v">vol.20;no.3:(Μήνες)May-Jun.;(Έτος)2003</subfield>
   <subfield code="y">23</subfield>
  </datafield>
  <datafield tag="852" ind1=" " ind2=" ">
   <subfield code="a">INST</subfield>
   <subfield code="b">UNIPILB</subfield>
   <subfield code="c">SERIALS</subfield>
   <subfield code="e">20041118</subfield>
   <subfield code="h">Αλφαβητική σειρά</subfield>
   <subfield code="p">37665</subfield>
   <subfield code="q">37665</subfield>
   <subfield code="t">NOLOAN</subfield>
   <subfield code="v">vol.20;no.4:(Μήνες)Jul.-Aug.;(Έτος)2003</subfield>
   <subfield code="y">23</subfield>
  </datafield>
  <datafield tag="852" ind1=" " ind2=" ">
   <subfield code="a">INST</subfield>
   <subfield code="b">UNIPILB</subfield>
   <subfield code="c">SERIALS</subfield>
   <subfield code="e">20041118</subfield>
   <subfield code="h">Αλφαβητική σειρά</subfield>
   <subfield code="p">37667</subfield>
   <subfield code="q">37667</subfield>
   <subfield code="t">NOLOAN</subfield>
   <subfield code="v">vol.20;no.5:(Μήνες)Sep.-Oct.;(Έτος)2003</subfield>
   <subfield code="y">23</subfield>
  </datafield>
  <datafield tag="852" ind1=" " ind2=" ">
   <subfield code="a">INST</subfield>
   <subfield code="b">UNIPILB</subfield>
   <subfield code="c">SERIALS</subfield>
   <subfield code="e">20041118</subfield>
   <subfield code="h">Αλφαβητική σειρά</subfield>
   <subfield code="p">37668</subfield>
   <subfield code="q">37668</subfield>
   <subfield code="t">NOLOAN</subfield>
   <subfield code="v">vol.20;no.6:(Μήνες)Nov.-Dec.;(Έτος)2003</subfield>
   <subfield code="y">23</subfield>
  </datafield>
  <datafield tag="852" ind1=" " ind2=" ">
   <subfield code="a">INST</subfield>
   <subfield code="b">UNIPILB</subfield>
   <subfield code="c">SERIALS</subfield>
   <subfield code="e">20050405</subfield>
   <subfield code="h">Αλφαβητική σειρά</subfield>
   <subfield code="p">42107</subfield>
   <subfield code="q">42107</subfield>
   <subfield code="t">NOLOAN</subfield>
   <subfield code="v">vol.21;no.1:(Μήνες)Jan.-Feb.;(Έτος)2004</subfield>
   <subfield code="y">23</subfield>
  </datafield>
  <datafield tag="852" ind1=" " ind2=" ">
   <subfield code="a">INST</subfield>
   <subfield code="b">UNIPILB</subfield>
   <subfield code="c">SERIALS</subfield>
   <subfield code="e">20050405</subfield>
   <subfield code="h">Αλφαβητική σειρά</subfield>
   <subfield code="p">42108</subfield>
   <subfield code="q">42108</subfield>
   <subfield code="t">NOLOAN</subfield>
   <subfield code="v">vol.21;no.2:(Μήνες)Mar.-Apr.;(Έτος)2004</subfield>
   <subfield code="y">23</subfield>
  </datafield>
  <datafield tag="852" ind1=" " ind2=" ">
   <subfield code="a">INST</subfield>
   <subfield code="b">UNIPILB</subfield>
   <subfield code="c">SERIALS</subfield>
   <subfield code="e">20051019</subfield>
   <subfield code="h">Αλφαβητική σειρά</subfield>
   <subfield code="p">47748</subfield>
   <subfield code="q">47748</subfield>
   <subfield code="t">NOLOAN</subfield>
   <subfield code="v">vol.21;no.3:(Μήνες)May-Jun.;(Έτος)2004</subfield>
   <subfield code="y">23</subfield>
  </datafield>
  <datafield tag="852" ind1=" " ind2=" ">
   <subfield code="a">INST</subfield>
   <subfield code="b">UNIPILB</subfield>
   <subfield code="c">SERIALS</subfield>
   <subfield code="e">20051019</subfield>
   <subfield code="h">Αλφαβητική σειρά</subfield>
   <subfield code="p">47749</subfield>
   <subfield code="q">47749</subfield>
   <subfield code="t">NOLOAN</subfield>
   <subfield code="v">vol.21;no.4:(Μήνες)Jul.-Aug.;(Έτος)2004</subfield>
   <subfield code="y">23</subfield>
  </datafield>
  <datafield tag="852" ind1=" " ind2=" ">
   <subfield code="a">INST</subfield>
   <subfield code="b">UNIPILB</subfield>
   <subfield code="c">SERIALS</subfield>
   <subfield code="e">20051019</subfield>
   <subfield code="h">Αλφαβητική σειρά</subfield>
   <subfield code="p">47750</subfield>
   <subfield code="q">47750</subfield>
   <subfield code="t">NOLOAN</subfield>
   <subfield code="v">vol.21;no.5:(Μήνες)Sep.-Oct.;(Έτος)2004</subfield>
   <subfield code="y">23</subfield>
  </datafield>
  <datafield tag="852" ind1=" " ind2=" ">
   <subfield code="a">INST</subfield>
   <subfield code="b">UNIPILB</subfield>
   <subfield code="c">SERIALS</subfield>
   <subfield code="e">20051019</subfield>
   <subfield code="h">Αλφαβητική σειρά</subfield>
   <subfield code="p">47751</subfield>
   <subfield code="q">47751</subfield>
   <subfield code="t">NOLOAN</subfield>
   <subfield code="v">vol.21;no.6:(Μήνες)Nov.-Dec.;(Έτος)2004</subfield>
   <subfield code="y">23</subfield>
  </datafield>
  <datafield tag="852" ind1=" " ind2=" ">
   <subfield code="a">INST</subfield>
   <subfield code="b">UNIPILB</subfield>
   <subfield code="c">SERIALS</subfield>
   <subfield code="e">20060316</subfield>
   <subfield code="h">Αλφαβητική σειρά</subfield>
   <subfield code="p">50858</subfield>
   <subfield code="q">50858</subfield>
   <subfield code="t">NOLOAN</subfield>
   <subfield code="v">vol.22;no.1:(Μήνες)Jan.-Feb.;(Έτος)2005</subfield>
   <subfield code="y">23</subfield>
  </datafield>
  <datafield tag="852" ind1=" " ind2=" ">
   <subfield code="a">INST</subfield>
   <subfield code="b">UNIPILB</subfield>
   <subfield code="c">SERIALS</subfield>
   <subfield code="e">20060316</subfield>
   <subfield code="h">Αλφαβητική σειρά</subfield>
   <subfield code="p">50859</subfield>
   <subfield code="q">50859</subfield>
   <subfield code="t">NOLOAN</subfield>
   <subfield code="v">vol.22;no.2:(Μήνες)Mar.-Apr.;(Έτος)2005</subfield>
   <subfield code="y">23</subfield>
  </datafield>
  <datafield tag="852" ind1=" " ind2=" ">
   <subfield code="a">INST</subfield>
   <subfield code="b">UNIPILB</subfield>
   <subfield code="c">SERIALS</subfield>
   <subfield code="e">20060316</subfield>
   <subfield code="h">Αλφαβητική σειρά</subfield>
   <subfield code="p">50860</subfield>
   <subfield code="q">50860</subfield>
   <subfield code="t">NOLOAN</subfield>
   <subfield code="v">vol.22;no.3:(Μήνες)May-Jun.;(Έτος)2005</subfield>
   <subfield code="y">23</subfield>
  </datafield>
  <datafield tag="852" ind1=" " ind2=" ">
   <subfield code="a">INST</subfield>
   <subfield code="b">UNIPILB</subfield>
   <subfield code="c">SERIALS</subfield>
   <subfield code="e">20060316</subfield>
   <subfield code="h">Αλφαβητική σειρά</subfield>
   <subfield code="p">50861</subfield>
   <subfield code="q">50861</subfield>
   <subfield code="t">NOLOAN</subfield>
   <subfield code="v">vol.22;no.4:(Μήνες)Jul.-Aug.;(Έτος)2005</subfield>
   <subfield code="y">23</subfield>
  </datafield>
  <datafield tag="852" ind1=" " ind2=" ">
   <subfield code="a">INST</subfield>
   <subfield code="b">UNIPILB</subfield>
   <subfield code="c">SERIALS</subfield>
   <subfield code="e">20060316</subfield>
   <subfield code="h">Αλφαβητική σειρά</subfield>
   <subfield code="p">50862</subfield>
   <subfield code="q">50862</subfield>
   <subfield code="t">NOLOAN</subfield>
   <subfield code="v">vol.22;no.5:(Μήνες)Sep.-Oct.;(Έτος)2005</subfield>
   <subfield code="y">23</subfield>
  </datafield>
  <datafield tag="852" ind1=" " ind2=" ">
   <subfield code="a">INST</subfield>
   <subfield code="b">UNIPILB</subfield>
   <subfield code="c">SERIALS</subfield>
   <subfield code="e">20060316</subfield>
   <subfield code="h">Αλφαβητική σειρά</subfield>
   <subfield code="p">50863</subfield>
   <subfield code="q">50863</subfield>
   <subfield code="t">NOLOAN</subfield>
   <subfield code="v">vol.22;no.6:(Μήνες)Nov.-Dec.;(Έτος)2005</subfield>
   <subfield code="y">23</subfield>
  </datafield>
  <datafield tag="852" ind1=" " ind2=" ">
   <subfield code="a">INST</subfield>
   <subfield code="b">UNIPILB</subfield>
   <subfield code="c">SERIALS</subfield>
   <subfield code="e">20070913</subfield>
   <subfield code="h">Αλφαβητική σειρά</subfield>
   <subfield code="p">56996</subfield>
   <subfield code="q">56996</subfield>
   <subfield code="t">NOLOAN</subfield>
   <subfield code="v">vol.23;no.1:(Μήνες)Jan.-Feb.;(Έτος)2006</subfield>
   <subfield code="y">23</subfield>
  </datafield>
  <datafield tag="852" ind1=" " ind2=" ">
   <subfield code="a">INST</subfield>
   <subfield code="b">UNIPILB</subfield>
   <subfield code="c">SERIALS</subfield>
   <subfield code="e">20070913</subfield>
   <subfield code="h">Αλφαβητική σειρά</subfield>
   <subfield code="p">56997</subfield>
   <subfield code="q">56997</subfield>
   <subfield code="t">NOLOAN</subfield>
   <subfield code="v">vol.23;no.2:(Μήνες)Mar.-Apr.;(Έτος)2006</subfield>
   <subfield code="y">23</subfield>
  </datafield>
  <datafield tag="852" ind1=" " ind2=" ">
   <subfield code="a">INST</subfield>
   <subfield code="b">UNIPILB</subfield>
   <subfield code="c">SERIALS</subfield>
   <subfield code="e">20070913</subfield>
   <subfield code="h">Αλφαβητική σειρά</subfield>
   <subfield code="p">56998</subfield>
   <subfield code="q">56998</subfield>
   <subfield code="t">NOLOAN</subfield>
   <subfield code="v">vol.23;no.3:(Μήνες)May-Jun.;(Έτος)2006</subfield>
   <subfield code="y">23</subfield>
  </datafield>
  <datafield tag="852" ind1=" " ind2=" ">
   <subfield code="a">INST</subfield>
   <subfield code="b">UNIPILB</subfield>
   <subfield code="c">SERIALS</subfield>
   <subfield code="e">20070913</subfield>
   <subfield code="h">Αλφαβητική σειρά</subfield>
   <subfield code="p">56999</subfield>
   <subfield code="q">56999</subfield>
   <subfield code="t">NOLOAN</subfield>
   <subfield code="v">vol.23;no.4:(Μήνες)Jul.-Aug.;(Έτος)2006</subfield>
   <subfield code="y">23</subfield>
  </datafield>
  <datafield tag="852" ind1=" " ind2=" ">
   <subfield code="a">INST</subfield>
   <subfield code="b">UNIPILB</subfield>
   <subfield code="c">SERIALS</subfield>
   <subfield code="e">20070913</subfield>
   <subfield code="h">Αλφαβητική σειρά</subfield>
   <subfield code="p">57000</subfield>
   <subfield code="q">57000</subfield>
   <subfield code="t">NOLOAN</subfield>
   <subfield code="v">vol.23;no.5:(Μήνες)Sep.-Oct.;(Έτος)2006</subfield>
   <subfield code="y">23</subfield>
  </datafield>
  <datafield tag="852" ind1=" " ind2=" ">
   <subfield code="a">INST</subfield>
   <subfield code="b">UNIPILB</subfield>
   <subfield code="c">SERIALS</subfield>
   <subfield code="e">20070913</subfield>
   <subfield code="h">Αλφαβητική σειρά</subfield>
   <subfield code="p">57001</subfield>
   <subfield code="q">57001</subfield>
   <subfield code="t">NOLOAN</subfield>
   <subfield code="v">vol.23;no.6:(Μήνες)Nov.-Dec.;(Έτος)2006</subfield>
   <subfield code="y">23</subfield>
  </datafield>
  <datafield tag="852" ind1=" " ind2=" ">
   <subfield code="a">INST</subfield>
   <subfield code="b">UNIPILB</subfield>
   <subfield code="c">SERIALS</subfield>
   <subfield code="e">20070917</subfield>
   <subfield code="h">Αλφαβητική σειρά</subfield>
   <subfield code="p">57179</subfield>
   <subfield code="q">57179</subfield>
   <subfield code="t">NOLOAN</subfield>
   <subfield code="v">vol.24;no.1:(Μήνες)Jan.-Feb.;(Έτος)2007</subfield>
   <subfield code="y">23</subfield>
  </datafield>
  <datafield tag="852" ind1=" " ind2=" ">
   <subfield code="a">INST</subfield>
   <subfield code="b">UNIPILB</subfield>
   <subfield code="c">SERIALS</subfield>
   <subfield code="e">20070917</subfield>
   <subfield code="h">Αλφαβητική σειρά</subfield>
   <subfield code="p">57180</subfield>
   <subfield code="q">57180</subfield>
   <subfield code="t">NOLOAN</subfield>
   <subfield code="v">vol.24;no.2:(Μήνες)Mar.-Apr.;(Έτος)2007</subfield>
   <subfield code="y">23</subfield>
  </datafield>
  <datafield tag="852" ind1=" " ind2=" ">
   <subfield code="a">INST</subfield>
   <subfield code="b">UNIPILB</subfield>
   <subfield code="c">SERIALS</subfield>
   <subfield code="e">20071120</subfield>
   <subfield code="h">Αλφαβητική σειρά</subfield>
   <subfield code="p">58496</subfield>
   <subfield code="q">58496</subfield>
   <subfield code="t">NOLOAN</subfield>
   <subfield code="v">vol.24;no.5:(Μήνες)Sep.-Oct.;(Έτος)2007</subfield>
   <subfield code="y">23</subfield>
  </datafield>
  <datafield tag="852" ind1=" " ind2=" ">
   <subfield code="a">INST</subfield>
   <subfield code="b">UNIPILB</subfield>
   <subfield code="c">SERIALS</subfield>
   <subfield code="e">20080107</subfield>
   <subfield code="h">Αλφαβητική σειρά</subfield>
   <subfield code="p">59254</subfield>
   <subfield code="q">59254</subfield>
   <subfield code="t">NOLOAN</subfield>
   <subfield code="v">vol.24;no.6:(Μήνες)Nov.-Dec.;(Έτος)2007</subfield>
   <subfield code="y">23</subfield>
  </datafield>
  <datafield tag="852" ind1=" " ind2=" ">
   <subfield code="a">INST</subfield>
   <subfield code="b">UNIPILB</subfield>
   <subfield code="c">SERIALS</subfield>
   <subfield code="e">20080603</subfield>
   <subfield code="h">Αλφαβητική σειρά</subfield>
   <subfield code="p">60672</subfield>
   <subfield code="q">60672</subfield>
   <subfield code="t">NOLOAN</subfield>
   <subfield code="v">vol.24;no.3:(Μήνες)May-Jun.;(Έτος)2007</subfield>
   <subfield code="y">23</subfield>
  </datafield>
  <datafield tag="852" ind1=" " ind2=" ">
   <subfield code="a">INST</subfield>
   <subfield code="b">UNIPILB</subfield>
   <subfield code="c">SERIALS</subfield>
   <subfield code="e">20080603</subfield>
   <subfield code="h">Αλφαβητική σειρά</subfield>
   <subfield code="p">60673</subfield>
   <subfield code="q">60673</subfield>
   <subfield code="t">NOLOAN</subfield>
   <subfield code="v">vol.24;no.4:(Μήνες)Jul.-Aug.;(Έτος)2007</subfield>
   <subfield code="y">23</subfield>
  </datafield>
  <datafield tag="856" ind1="4" ind2="1">
   <subfield code="u">http://ieeexplore.ieee.org/xpl/RecentIssue.jsp?punumber=52</subfield>
  </datafield>
  <datafield tag="900" ind1=" " ind2=" ">
   <subfield code="a">Vol. 25 no. 1 (Jan.-Feb. 2008)</subfield>
   <subfield code="b">Οφειλόμενο</subfield>
   <subfield code="c">05/04/2009</subfield>
  </datafield>
  <datafield tag="950" ind1=" " ind2=" ">
   <subfield code="a">01/01/2003</subfield>
   <subfield code="c">ANACO Κ. ΑΝΑΓΝΩΣΤΟΥ Ε.Π.Ε., ΜΗΧΑΝΗΜΑΤΑ ΚΑΙ ΣΥΣΤΗΜΑΤΑ ΟΡΓΑΝΩΣΗΣ ΓΡΑΦΕΙΟΥ</subfield>
   <subfield code="d">65</subfield>
  </datafield>
  <datafield tag="951" ind1=" " ind2=" ">
   <subfield code="a">Vol. 24 no. 1 (Jan.-Feb. 2007) - Vol. 24 no. 6 (Nov.-Dec. 2007)</subfield>
   <subfield code="b">Main run</subfield>
  </datafield>
  <datafield tag="951" ind1=" " ind2=" ">
   <subfield code="a">Vol. 20 no. 1 (Jan.-Feb. 2003) - Vol. 23 no. 6 (Nov.-Dec. 2006)</subfield>
   <subfield code="b">Main run</subfield>
  </datafield>
 </record>
</collection>
